Czy znasz wszystkie państwa, które.....?#1 - Statystyki

Ogólne statystyki
  • Ten quiz został rozwiązany 437 razy
  • Średni wynik to 40 z 51
Statystyki odpowiedzi
Wszystkie państwa, które... Państwa % Poprawnych
Posłał człowieka na Księzyc Stany Zjednoczone
95%
Stany Zjednoczone
95%
Chorwacja
91%
Kosowo
90%
Węgry
90%
Węgry
90%
Serbia
89%
Tadżykistan
89%
Turkmenistan
89%
Uzbekistan
89%
Uzbekistan
89%
Leży na Półwyspie Bałkańskim Albania
88%
Kraj, który nie należy do UE, ale należy do NATO Albania
88%
Bośnia i Hercegowina
87%
Grecja
87%
Kończy się na „-Stan” Afganistan
86%
Kazachstan
86%
Macedonia Północna
86%
Pakistan
86%
Polska
86%
Rumunia
86%
Bułgaria
85%
Czarnogóra
85%
Czarnogóra
85%
Słowacja
85%
Słowenia
85%
Należą do Grupy Wyszehradzkiej Czechy
84%
Kirgistan
83%
Panama
82%
Paragwaj
82%
Nie mają dostępu do morza w Ameryce Płd. Boliwia
80%
Rosja
80%
Honduras
78%
Kostaryka
77%
Turcja
76%
Turcja
76%
Nikaragua
73%
Watykan
72%
Chiny
71%
Salwador
71%
Leży w Ameryce Środkowej Belize
70%
Gwatemala
69%
Norwegia
68%
San Marino
68%
Kanada
64%
Indie
63%
Jest enklawą innego państwa Lesotho
62%
Należą do BRICS Brazylia
60%
Jest podwójnie śródlądowy Liechtenstein
48%
Republika Południowej Afryki
44%
Islandia
42%
Nie znaleziono quizów pasujących do podanych kryteriów
Rozkład punktacji
Procent ludzi z każdym wynikiem
Percentyl według liczby udzielonych odpowiedzi
Twoja historia wyników
Nie rozwiązałeś tego quizu